000 00712cam a2200205 4500500
005 20260405003759.0
041 _afre
042 _adc
100 1 0 _aEnjalbert, Cédric
_eauthor
245 0 0 _aPierre Singaravélou : “Le sentiment antifrançais s’exacerbe, alors que la France n’a jamais été aussi faible en Afrique”
260 _c2023.
500 _a45
690 _aAfrique
690 _aColonialisme
690 _acoup d’Etat
690 _aHistoire
690 _aPierre Singaravélou
786 0 _nPhilosophie magazine | 173 | 10 | 2023-10-01 | p. 11-11 | 1951-1787
856 4 1 _uhttps://shs.cairn.info/magazine-philosophie-magazine-2023-10-page-11?lang=fr&redirect-ssocas=7080
999 _c2070767
_d2070767